000 00324 a2200109 4500
001 ART_3509
005 20260410161715.0
008 260409a
245 1 0 _aCreación de empleo productivo
100 1 _aTokman, Víctor E.
773 0 _tDesarrollo económico
_g- Vol. 26, Nº 103 (oct./dic. 1986)
_wREV1174
999 _c16456
_d16456